000 00223nam a22000977a 4500
003 SGT
245 _aINTERNATIONAL JOURNAL OF AYURVEDA & PHARMA RESEARCH
260 _aNEW DELHI
_bAYUSH
_c2020
310 _a7-12
942 _2ddc
_cBV
999 _c29464
_d29464